00411nam a22000977a 4500008004100000050002700041100002200068245015300090260005600243300001400299210205b xxu||||| |||| 00| 0 eng d aGMB0154b.T48 2015 c.1 aThuo, Jane Wamuyu aEffect of organizational culture on leading strategic change in public secondary's schools in Nakuru sub-county, Nakuru county, Kenya cJane wamuyu  aKabarak, Nakuru, Kenya bKabarak University c2015  a73 leaves